000 00346 a2200157 4500
001 68112
020 _a9783126069823
040 _cAnchieta - Pituba
100 _aSalomo, Dorothé
240 1 0 _aDaF für Jugendliche
_ldeu / ger
245 1 0 _aDaF für Jugendliche
300 _a199
362 0 _a2016
650 4 _aLíngua alemã
942 _cBK
999 _c68112
_d68112